Premis de teatre 81 : Premi Ignasi Iglesias, textos teatrals originals i inèdits : Premi Josep M. de Sagarra, traduccions de textos teatrals al català : Premi Adrià Gual, projectes de muntatge Premi Ignasi Iglesias, textos teatrals originals i inèdits :
Descripción Física:
7 p. : il. ; 22,1 cm
MARC
| LEADER | 00000nam a2200000Ia 4500 | ||
|---|---|---|---|
| 001 | 12782 | ||
| 008 | 160829s9999 xx 000 0 cat d | ||
| 080 | |a FU-14-76 | ||
| 110 | 1 | |a Barcelona (Catalunya : Província). |b Diputació |9 52408 | |
| 245 | |a Premis de teatre 81 : |b Premi Ignasi Iglesias, textos teatrals originals i inèdits : |b Premi Josep M. de Sagarra, traduccions de textos teatrals al català : |b Premi Adrià Gual, projectes de muntatge | ||
| 260 | |a Barcelona : |b Diputació de Barcelona, Dl. 1982 | ||
| 300 | |a 7 p. : |b il. ; |c 22,1 cm | ||
| 650 | |a Teatre |x Premis |x 1981 |9 30571 | ||
| 650 | |a Premi Ignasi Iglesias |9 30572 | ||
| 650 | |a Premi Josep M. de Sagarra I |9 30573 | ||
| 650 | |a Premi Adrià Gual |9 30574 | ||
| 901 | |a Arxiu | ||
| 942 | |n 1 | ||
| 952 | |0 0 |1 0 |4 0 |6 FU1476 |7 1 |9 45444 |a Arxiu |b Arxiu |d 2016-12-01 |l 0 |o FU-14-76 |p 12782 |r 2016-12-01 00:00:00 |w 2016-12-01 |y ARXIU | ||
| 999 | |c 48609 |d 48609 | ||